| 000 | 00804nas a2200277 4500 | ||
|---|---|---|---|
| 001 | BR9212823 | ||
| 003 | BR-BrBNA | ||
| 005 | 20231205094802.0 | ||
| 007 | ta | ||
| 008 | 230509b bl.|||p| |||| 00| 00por d | ||
| 040 |
_aBR-BrBNA _bpor _cBiblioteca Nacional de Agricultura |
||
| 041 | _a(Pt) | ||
| 072 | _aL70 | ||
| 100 | 1 | _aMello, P.A. de | |
| 100 | 1 | _aPortugal, M.A.S.C. | |
| 100 | 1 | _aGiorgi, W. | |
| 100 | 1 | _aIbanez, O.C.M. | |
| 100 | 1 | _aMacruz, R. | |
| 245 | 1 | _aInfeccao estreptococica em cobairas (Cavia cobaya) | |
| 650 | _aAnimal de laboratorio | ||
| 650 | _aCobaia | ||
| 650 | _aInfeccao | ||
| 773 | 0 |
_tArquivos do Instituto Biologico (Brazil) _xISSN 0020-3653 _g(Jan-Dec 1981), v. 48(1-4) p. 101-107 _wBR9212823 |
|
| 909 |
_a202311 _bLúcia _c55 _dLúcia Elande |
||
| 942 |
_2AGRIS _n0 _cANA |
||
| 999 |
_c146827 _d146827 |
||